000
00304nam a22001337a 4500
008
180301b xxu||||| |||| 00| 0 eng d
020
_a
9780787971175
041
_a
eng
080
_a
338
100
_a
53
101
_a
MNG
245
_a
Productive Workplaces Revisited
_c
Weisbord, M.R
942
_2
udc
_c
BK
999
_c
43745
_d
43745